Statistics for Largest Countries without Deserts

Click here to take the quiz!

General Stats

  • This quiz has been taken 12,127 times
  • The average score is 10 of 16

Answer Stats

Area (sq km) Country % Correct
357,114Germany
91%
640,679France
91%
1,910,931Indonesia
82%
603,500Ukraine
76%
377,930Japan
76%
450,295Sweden
74%
2,344,858D.R. Congo
70%
338,424Finland
69%
513,120Thailand
68%
342,000Republic of the Congo
65%
343,448Philippines
61%
676,578Myanmar
55%
462,840Papua New Guinea
39%
622,984Central African Republic
32%
752,612Zambia
28%
406,752Paraguay
25%

Score Distribution

Percentile by Number Answered

Percent of People with Each Score

Your Score History

You have not taken this quiz